000 00445nam a2200169Ia 4500
008 221030s9999 xx 000 0 und d
020 _a013216284901
041 _aEnglish
082 _a105.23
_bKol
100 _aB. Kolman
245 0 _aDiscrete Mathematical Structures For Computer Science
_cby B. Kolman, R. C. Busby
260 _bPHI
_aNew Delhi
_c1987
300 _a155
650 _aBE Mathematics
700 _aR. C. Busby
942 _cBK
999 _c7027
_d7027